000 00776nam a2200241Ia 4500
005 20260121112709.0
008 8064 260114s9999 xx 000 0 eng d
020 _a9789812701619
037 _aEBOOK
040 _aCRL
_beng
_cCRL
041 _aeng
_2eng
084 _qCRL
100 _aTakayanagi Hideaki & Nitta Junsaku
_9961751
245 0 _aRealizing Controllable Quantum States - Proceedings of the International Symposium on Mesoscopic Superconductivity and Spintronics - in the Light of Quantum Computation
260 _bWorld Scientific
260 _bWSPC
260 _c2005
650 _aPhysics
_9961752
856 _uhttps://www.worldscientific.com/worldscibooks/10.1142/5924#t=toc
942 _cEBOOK
999 _c1545364
_d1545364